000 00664nam a22002417a 4500
003 UA-OsUOA
001 42955
007 ta
008 20061201b un ||||| |||| 00| 0 ukr d
100 _aБогданович М.
090 _a821.161.3
_bБ14
942 _cBK
040 _aUA-OsUOA
_brus
_cUA-OsUOA
_dUA-OsUOA
245 _aМаладыя гады
_bИзбранное
300 _a334 с.
955 _a3
041 _arus
080 _a821.161.3
020 _a985-02-0506-7
260 _aМінск
_bМастацкая литература
_c2001
650 7 _a82 Література. Літературознавство
_2UDC
999 _c329087
_d329087